Science Quiz

Random Science or Animal Quiz

Animals in the Rain Quiz Stats

 Plays Quiz Updated Feb 19, 2018

Also try: Animals A-Z
Challenge
Share
Tweet
Score 0/25 Timer 06:00
1 Play Today
% Correct
Red-Eyed Tree Frog
99.8%
Brown Bear
94.7%
Lion
94.6%
Dog
94.6%
Horse
94.5%
Eurasian Red Squirrel
94.4%
Buffy Fish Owl
94.3%
White Bengal Tiger
94.2%
African Elephants
92.9%
Snail
92.6%
Rouen Duck
92.5%
Hippopotamus
92.4%
Red Fox
92.2%
% Correct
Butterfly
91.9%
Flamingos
91.8%
Ladybugs
90.7%
Rainbow Lorikeets
90.5%
Cheetahs
89%
White-Tailed Eagle
88.6%
Dragonfly
86.9%
Yellow-throated Toucan
84.2%
House Sparrow
84.1%
Dalmatian Pelicans
82.3%
Orangutan
79.6%
Impalas
68.9%

You're not logged in!

Compare scores with friends on all Sporcle quizzes.
OR
Log In

You Might Also Like...

Show Comments

Extras

Top Quizzes Today


Score Distribution

Your Account Isn't Verified!

In order to create a playlist on Sporcle, you need to verify the email address you used during registration. Go to your Sporcle Settings to finish the process.

Report this User

Report this user for behavior that violates our Community Guidelines.

Details: